<?xml version="1.0" encoding="UTF-8"?>
<record
    xmlns:xsi="http://www.w3.org/2001/XMLSchema-instance"
    xsi:schemaLocation="http://www.loc.gov/MARC21/slim http://www.loc.gov/standards/marcxml/schema/MARC21slim.xsd"
    xmlns="http://www.loc.gov/MARC21/slim">

  <leader>01406nam a22002777a 4500</leader>
  <datafield tag="999" ind1=" " ind2=" ">
    <subfield code="c">8048</subfield>
    <subfield code="d">8048</subfield>
  </datafield>
  <controlfield tag="005">20210325175928.0</controlfield>
  <controlfield tag="008">      s2541    th                  tha d</controlfield>
  <datafield tag="020" ind1=" " ind2=" ">
    <subfield code="a">9747102412</subfield>
  </datafield>
  <datafield tag="040" ind1=" " ind2=" ">
    <subfield code="a">NALT</subfield>
  </datafield>
  <datafield tag="041" ind1=" " ind2=" ">
    <subfield code="a">tha</subfield>
  </datafield>
  <datafield tag="050" ind1=" " ind2=" ">
    <subfield code="a">GT 5899.R5 </subfield>
    <subfield code="b">&#xE02;462 2541</subfield>
  </datafield>
  <datafield tag="245" ind1="0" ind2="0">
    <subfield code="a">&#xE02;&#xE49;&#xE32;&#xE27;&#xE01;&#xE31;&#xE1A;&#xE27;&#xE34;&#xE16;&#xE35;&#xE0A;&#xE35;&#xE27;&#xE34;&#xE15;&#xE44;&#xE17;&#xE22; /</subfield>
    <subfield code="c"> &#xE07;&#xE32;&#xE21;&#xE1E;&#xE34;&#xE28; &#xE2A;&#xE31;&#xE15;&#xE22;&#xE4C;&#xE2A;&#xE07;&#xE27;&#xE19; ... [&#xE41;&#xE25;&#xE30;&#xE04;&#xE19;&#xE2D;&#xE37;&#xE48;&#xE19; &#xE46;] &#xE40;&#xE02;&#xE35;&#xE22;&#xE19;.</subfield>
  </datafield>
  <datafield tag="250" ind1=" " ind2=" ">
    <subfield code="a">&#xE1E;&#xE34;&#xE21;&#xE1E;&#xE4C;&#xE04;&#xE23;&#xE31;&#xE49;&#xE07;&#xE17;&#xE35;&#xE48; 3</subfield>
  </datafield>
  <datafield tag="260" ind1=" " ind2=" ">
    <subfield code="a">&#xE01;&#xE23;&#xE38;&#xE07;&#xE40;&#xE17;&#xE1E;&#xE2F; : </subfield>
    <subfield code="b">&#xE2A;&#xE33;&#xE19;&#xE31;&#xE01;&#xE07;&#xE32;&#xE19;&#xE04;&#xE13;&#xE30;&#xE01;&#xE23;&#xE23;&#xE21;&#xE01;&#xE32;&#xE23;&#xE27;&#xE31;&#xE12;&#xE19;&#xE18;&#xE23;&#xE23;&#xE21;&#xE41;&#xE2B;&#xE48;&#xE07;&#xE0A;&#xE32;&#xE15;&#xE34;, </subfield>
    <subfield code="c">2541.</subfield>
  </datafield>
  <datafield tag="300" ind1=" " ind2=" ">
    <subfield code="a">246 &#xE2B;&#xE19;&#xE49;&#xE32; :</subfield>
    <subfield code="b">&#xE20;&#xE32;&#xE1E;&#xE1B;&#xE23;&#xE30;&#xE01;&#xE2D;&#xE1A;, &#xE15;&#xE32;&#xE23;&#xE32;&#xE07; ;</subfield>
    <subfield code="c">29 &#xE0B;&#xE21;.</subfield>
  </datafield>
  <datafield tag="650" ind1=" " ind2="4">
    <subfield code="a">&#xE01;&#xE32;&#xE23;&#xE17;&#xE33;&#xE19;&#xE32; </subfield>
    <subfield code="9">15380</subfield>
    <subfield code="x">&#xE1E;&#xE34;&#xE18;&#xE35;&#xE01;&#xE23;&#xE23;&#xE21;  </subfield>
  </datafield>
  <datafield tag="650" ind1=" " ind2="0">
    <subfield code="a">&#xE02;&#xE27;&#xE31;&#xE0D;&#xE41;&#xE25;&#xE30;&#xE01;&#xE32;&#xE23;&#xE17;&#xE33;&#xE02;&#xE27;&#xE31;&#xE0D;</subfield>
    <subfield code="9">20465</subfield>
  </datafield>
  <datafield tag="650" ind1=" " ind2="0">
    <subfield code="a">&#xE02;&#xE49;&#xE32;&#xE27;</subfield>
    <subfield code="9">3767</subfield>
  </datafield>
  <datafield tag="650" ind1=" " ind2="4">
    <subfield code="a">&#xE02;&#xE49;&#xE32;&#xE27;</subfield>
    <subfield code="9">20466</subfield>
    <subfield code="x">&#xE01;&#xE32;&#xE23;&#xE1B;&#xE25;&#xE39;&#xE01;</subfield>
    <subfield code="x">&#xE04;&#xE15;&#xE34;&#xE0A;&#xE32;&#xE27;&#xE1A;&#xE49;&#xE32;&#xE19;</subfield>
  </datafield>
  <datafield tag="650" ind1=" " ind2="4">
    <subfield code="a">&#xE02;&#xE49;&#xE32;&#xE27;</subfield>
    <subfield code="9">15376</subfield>
    <subfield code="x">&#xE04;&#xE15;&#xE34;&#xE0A;&#xE32;&#xE27;&#xE1A;&#xE49;&#xE32;&#xE19; </subfield>
  </datafield>
  <datafield tag="700" ind1="0" ind2=" ">
    <subfield code="a">&#xE07;&#xE32;&#xE21;&#xE1E;&#xE34;&#xE28; &#xE2A;&#xE31;&#xE15;&#xE22;&#xE4C;&#xE2A;&#xE07;&#xE27;&#xE19; </subfield>
    <subfield code="9">20469</subfield>
  </datafield>
  <datafield tag="710" ind1="2" ind2=" ">
    <subfield code="9">8944</subfield>
    <subfield code="a">&#xE2A;&#xE33;&#xE19;&#xE31;&#xE01;&#xE07;&#xE32;&#xE19;&#xE04;&#xE13;&#xE30;&#xE01;&#xE23;&#xE23;&#xE21;&#xE01;&#xE32;&#xE23;&#xE27;&#xE31;&#xE12;&#xE19;&#xE18;&#xE23;&#xE23;&#xE21;&#xE41;&#xE2B;&#xE48;&#xE07;&#xE0A;&#xE32;&#xE15;&#xE34;</subfield>
  </datafield>
  <datafield tag="850" ind1=" " ind2=" ">
    <subfield code="a">NALT</subfield>
  </datafield>
  <datafield tag="942" ind1=" " ind2=" ">
    <subfield code="c">GB</subfield>
    <subfield code="2">lcc</subfield>
  </datafield>
  <datafield tag="998" ind1=" " ind2=" ">
    <subfield code="j">1020</subfield>
    <subfield code="k"> &#xE08;&#xE33;&#xE40;&#xE23;&#xE35;&#xE22;&#xE07; &#xE23;&#xE30;&#xE27;&#xE31;&#xE07;&#xE2A;&#xE33;&#xE42;&#xE23;&#xE07;</subfield>
  </datafield>
  <datafield tag="952" ind1=" " ind2=" ">
    <subfield code="0">0</subfield>
    <subfield code="1">0</subfield>
    <subfield code="2">lcc</subfield>
    <subfield code="4">0</subfield>
    <subfield code="7">0</subfield>
    <subfield code="8">CGBL</subfield>
    <subfield code="a">NALT</subfield>
    <subfield code="b">NALT</subfield>
    <subfield code="g">134.00</subfield>
    <subfield code="l">0</subfield>
    <subfield code="o">GT 5899.R5 &#xE02;462 2541</subfield>
    <subfield code="p">3961138558</subfield>
    <subfield code="r">2017-06-09 00:00:00</subfield>
    <subfield code="v">184.00</subfield>
    <subfield code="w">2017-06-09</subfield>
    <subfield code="y">GB</subfield>
  </datafield>
</record>
